| 000 | 01856cam a2200361 i 4500 | ||
|---|---|---|---|
| 999 |
_c58722 _d58722 |
||
| 001 | 17634203 | ||
| 005 | 20220707133113.0 | ||
| 008 | 130222s2013 enka b 001 0 eng | ||
| 010 | _a 2012046477 | ||
| 020 | _a9781119717270(cloth) | ||
| 040 |
_aDLC _beng _cDLC _erda _dDLC |
||
| 042 | _apcc | ||
| 050 | 0 | 0 |
_aT11 _b.C327 2013 |
| 080 | _a81'35 C-21 | ||
| 100 | 1 |
_aCargill, Margaret. _914313 |
|
| 245 | 1 | 0 |
_aWriting scientific research articles : _bstrategy and steps / _cMargaret Cargill, BA, DipEd, MEd(TESOL), DEd, School of Agriculture Food and Wine, The University of Adelaide, Adelaide, South Australia 5005, Australia, Patrick O'Connor. BSc, PhD, School of Earth and Environmental Sciences, The University of Adelaide, Adelaide, South Australia 5005, Australia; , |
| 250 | _athird edition. | ||
| 264 | 1 |
_aHoboken, NJ : _bWiley-Blackwell, _c2021. |
|
| 300 |
_axii, 235 pages : _billustrations ; _c29 cm |
||
| 336 |
_atext _2rdacontent |
||
| 337 |
_aunmediated _2rdamedia |
||
| 338 |
_avolume _2rdacarrier |
||
| 504 | _aIncludes bibliographical references (pages 217-218) and index. | ||
| 650 | 0 |
_aTechnical writing. _914314 |
|
| 650 | 0 |
_aResearch. _914315 |
|
| 650 | 0 |
_aScience news. _914316 |
|
| 653 | _aაკადემიური წერა. ტექნიკური წერა. კვლევა. მეცნიერების სიახლეები. | ||
| 700 | 1 |
_aO'Connor, Patrick, _d1967- _914317 |
|
| 776 | 0 | 8 |
_iOnline version: _aCargill, Margaret. _tWriting scientific articles _bSecond edition. _dChichester, West Sussex, UK : John Wiley & Sons Inc., 2013 _z9781118570661 _w(DLC) 2013007642 |
| 906 |
_a7 _bcbc _corignew _d1 _eecip _f20 _gy-gencatlg |
||
| 942 |
_2udc _cBK |
||
| 955 |
_bxh07 2013-02-22 _ixh07 2013-02-22 to Dewey _axn05 2013-06-27 1 copy rec'd., to CIP ver. _axn05 2013-06-28 additional copy received |
||